Malayala novel: (Record no. 181863)

000 -LEADER
fixed length control field 00514nam a22001817a 4500
020 ## - INTERNATIONAL STANDARD BOOK NUMBER
ISBN 9788119443567
082 ## - DEWEY DECIMAL CLASSIFICATION NUMBER
Classification number M300 7
Item number JOB/M
245 ## - TITLE STATEMENT
Title Malayala novel:
Sub Title nagarabhavanayute oru noottandu/
Statement of responsibility, etc by Jobin Chamakkala (ed.) and Sreejith G (ed.)
250 ## - EDITION STATEMENT
Edition statement 2
260 ## - PUBLICATION, DISTRIBUTION, ETC. (IMPRINT)
Place of publication Kottayam:
Name of publisher Papyrus Books,
Year of publication 2023.
300 ## - PHYSICAL DESCRIPTION
Number of Pages 197p.
650 ## - SUBJECT ADDED ENTRY--TOPICAL TERM
Topical Term Novel Malayalam Study
650 ## - SUBJECT ADDED ENTRY--TOPICAL TERM
Topical Term Literature Malayalam
650 ## - SUBJECT ADDED ENTRY--TOPICAL TERM
Topical Term Literature
700 ## - ADDED ENTRY--PERSONAL NAME
Personal name Jobin Chamakkala (ed.)
700 ## - ADDED ENTRY--PERSONAL NAME
Personal name Sreejith G (ed.)
942 ## - ADDED ENTRY ELEMENTS (KOHA)
Koha item type Book
Holdings
Withdrawn status Lost status Damaged status Not for loan Permanent Location Current Location Shelving location Date acquired Cost, normal purchase price Full call number Accession Number Price effective from Koha item type
        Sree Sankaracharya University of Sanskrit Sree Sankaracharya University of Sanskrit Stacks 29.05.2026 400.00 M300 7 JOB/M 108982 29.05.2026 Book